Návrh modernizácie testovacieho zariadenia na dlhodobé skúšky brzdových strmeňov s dôrazom na jeho inováciu
Guardado en:
| Autor principal: | |
|---|---|
| Otros Autores: | |
| Formato: | Manuscrito Libro |
| Lenguaje: | eslovaco |
| Publicado: |
2023
|
| Materias: | |
| Acceso en línea: | http://is.stuba.sk/zp/portal_zp.pl?podrobnosti=157130 |
| Etiquetas: |
Sin Etiquetas, Sea el primero en etiquetar este registro!
|
MARC
| LEADER | 00000ntm a22000003a 4500 | ||
|---|---|---|---|
| 001 | stuzp94811 | ||
| 003 | SK-STU | ||
| 005 | 20240513091435.3 | ||
| 007 | ta | ||
| 008 | 150427s2015----xo-----f-mn---000-0-slo-d | ||
| 040 | |a STU |b slo | ||
| 041 | 0 | |a slo | |
| 100 | 1 | |a Drugda, Marián |u 020070 |4 aut |U SjF Strojnícka fakulta |T SjF Ústav výrobných systémov, enviromentálnej techniky a manažment kvality |X 104843 |U J0070 |Y 804 |7 104843 | |
| 242 | 0 | 1 | |a Proposal for the modernization of the test equipment for long-term tests of brake calipers with an emphasis on its innovation |y eng |
| 245 | 1 | 0 | |a Návrh modernizácie testovacieho zariadenia na dlhodobé skúšky brzdových strmeňov s dôrazom na jeho inováciu |
| 260 | |c 2023 | ||
| 650 | 4 | |a Brzdový strmeň |2 slo | |
| 650 | 4 | |a CatiaV5R20 |2 slo | |
| 650 | 4 | |a hliníkový profil |2 slo | |
| 650 | 4 | |a PLC |2 slo | |
| 650 | 4 | |a procesný diagram |2 slo | |
| 650 | 4 | |a Brake caliper |2 eng | |
| 650 | 4 | |a CatiaV5R20 |2 eng | |
| 650 | 4 | |a PLC |2 eng | |
| 650 | 4 | |a aluminum profile |2 eng | |
| 650 | 4 | |a process diagram |2 eng | |
| 700 | 1 | |a Bachratý, Michal |u 020070 |k Z1 |4 ths |U SjF Strojnícka fakulta |T SjF Ústav výrobných systémov, enviromentálnej techniky a manažment kvality |X 2443 |U J0070 |Y 804 |7 A000002443 | |
| 856 | 4 | |u http://is.stuba.sk/zp/portal_zp.pl?podrobnosti=157130 | |
| 996 | |b 284J047568 |c J* 3690/DBP |l JJSK |s A |a 24 |w stuzp94811_0001 | ||